000 01004nam a2200241 4500
005 20240530110951.0
008 221212s2022 ua acf f b 000 0 ara d
017 _a2022/2753
_bمصر. دار الكتب
020 _a978977680976
040 _aEG-CaGPL
_cEG-CaGPL
082 0 4 _221
_a962.2
_bق/ض أ
100 0 _aضياء محمد جاد الكريم
245 1 0 _aاسيوط من الفتح العثمانى حتى نهاية القرن التاسع عشر الميلادى :
_bدراسة اثرية حضارية /
_cتاليف ضياء محمد جاد الكريم
250 _aط.1
260 _aالقاهرة :
_bالمؤسسة الدولية للكناب،
_c2022.
300 _a338 ص. :
_bايض ؛
_c24 سم.
504 _aيشتمل على ارجاعات ببليوجرافية
651 0 7 _2qrmak
_aاسيوط
_xتاريخ
651 0 7 _2qrmak
_aاسيوط
_xمحافظة
651 0 7 _2qrmak
_aاسيوط
_xاثار
942 _2ddc
_cBK
999 _c66992
_d66992